[Event "Challenge"]
[Site "http://www.queenalice.com/game.php?id=346788"]
[Date "2008.2.1"]
[Round "-"]
[White "jvjunqueira"]
[Black "lily73"]
[Result "1-0"]
[WhiteElo "1769"]
[BlackElo "1517"]

1. e4 Nf6 2. Nc3 e5 3. Nf3 Ng4 4. h3 Nf6 5. Nxe5 Bd6 6. d4 O-O 7. Nf3 Qe7 8. Be2
c5 9. e5 Bc7 10. exf6 Qxf6 11. Nd5 Ba5+ 12. c3 Qd6 13. Ne3 cxd4 14. Nxd4 Re8 15.
O-O a6 16. Qa4 b6 17. Rd1 b5 18. Qxa5 Re5 19. Nf3 Nc6 20. Rxd6 Nxa5 21. Nxe5 f6
22. Nxd7 Nc4 23. Nxc4 bxc4 24. Nb6 Rb8 25. Nxc8 Rxc8 26. Rxa6 f5 27. Bf3 h6 28.
Ra8 1-0

[Event "Sweet apples"]
[Site "http://www.queenalice.com/game.php?id=356492"]
[Date "2008.2.18"]
[Round "-"]
[White "lily73"]
[Black "Tlaloc2k"]
[Result "0-1"]
[WhiteElo "1529"]
[BlackElo "1641"]

1. e4 e5 2. Nf3 d6 3. Bc4 Bd7 4. O-O Nf6 5. Ng5 Be6 6. Bb3 Bxb3 7. axb3 Nbd7 8.
Nc3 c6 9. d4 h6 10. Nh3 exd4 11. e5 dxe5 12. Na4 b5 13. Re1 bxa4 14. bxa4 Bd6
15. c3 O-O 16. cxd4 e4 17. f3 Qa5 18. fxe4 Bb4 19. Re2 Qh5 20. Nf4 Qa5 21. e5
Nd5 22. Nxd5 Qxd5 23. g4 Nxe5 24. Bd2 Qxd4+ 25. Rf2 Nxg4 26. Be3 Qxd1+ 27. Rxd1
Nxf2 28. Kxf2 Be7 29. b4 Bxb4 30. h4 a5 31. Rd6 Bxd6 32. Bb6 Rfb8 33. Be3 Rb2+
34. Kf3 Rb4 0-1

[Event "cowgirl"]
[Site "http://www.queenalice.com/game.php?id=434007"]
[Date "2008.7.16"]
[Round "2"]
[White "DARKQUEEN"]
[Black "lily73"]
[Result "0-1"]
[WhiteElo "1430"]
[BlackElo "1511"]

1. e4 Nf6 2. Nc3 e5 3. Qe2 Bc5 4. a3 O-O 5. b4 Bb6 6. Nf3 c5 7. Nxe5 d6 8. Nf3
Be6 9. d3 Nc6 10. Bg5 Nd4 11. e5 Nxe2 12. Bxe2 dxe5 13. Nxe5 Qd6 14. Bf4 c4 15.
O-O-O cxd3 16. Bxd3 Qd4 17. Nb5 Qxf4+ 18. Rd2 Qxe5 19. a4 Qa1# 0-1

[Event "Challenge"]
[Site "http://www.queenalice.com/game.php?id=450245"]
[Date "2008.8.18"]
[Round "-"]
[White "Tlaloc2k"]
[Black "lily73"]
[Result "1-0"]
[WhiteElo "1665"]
[BlackElo "1524"]

1. e4 a5 2. d4 Ra6 3. Bxa6 bxa6 4. Nf3 Nc6 5. d5 Nb4 6. O-O e6 7. c3 exd5 8.
cxb4 Bxb4 9. a3 Bd6 10. Qxd5 Nf6 11. Bg5 O-O 12. e5 Nxd5 13. Bxd8 Nf4 14. exd6
Ne2+ 15. Kh1 Rxd8 16. dxc7 Re8 17. Nbd2 d5 18. Rae1 a4 19. Nd4 Re7 20. Nxe2 Rxc7
21. Nc3 d4 22. Re8# 1-0

[Event "cowgirl"]
[Site "http://www.queenalice.com/game.php?id=467109"]
[Date "2008.9.23"]
[Round "3"]
[White "lily73"]
[Black "cowgirl"]
[Result "0-1"]
[WhiteElo "1477"]
[BlackElo "1983"]

1. e4 e5 2. Nf3 Nc6 3. Nc3 d6 4. Bc4 h6 5. O-O Nf6 6. Nd5 Nxe4 7. d3 Nf6 8.
Nxf6+ Qxf6 9. d4 exd4 10. Qe1+ Be7 11. c3 dxc3 12. bxc3 O-O 13. Be3 Bg4 14. Nd2
Qxc3 15. Rb1 Ne5 16. Bf4 Rae8 17. h3 Bc8 18. Rc1 Qa5 19. Qe4 Bf6 20. Nb3 Qa3 21.
Ra1 Ng6 22. Qf3 Qb4 23. Bd3 Qxf4 24. Qxf4 Nxf4 25. Be4 Bxa1 26. Nxa1 Rxe4 27. f3
Re2 28. g4 Nxh3+ 29. Kh1 Rfe8 30. Nb3 Rxa2 31. Nc1 Rd2 32. Nb3 Rb2 33. Nd4 c5
34. Nf5 Bxf5 35. gxf5 Ree2 0-1

[Event "Challenge"]
[Site "http://www.queenalice.com/game.php?id=467241"]
[Date "2008.9.23"]
[Round "-"]
[White "Saintsalles"]
[Black "lily73"]
[Result "1-0"]
[WhiteElo "1703"]
[BlackElo "1475"]

1. e4 Nf6 2. Nc3 e5 3. Nf3 Bc5 4. d3 h6 5. h3 O-O 6. d4 exd4 7. Na4 Bd6 8. Qxd4
Nc6 9. Qe3 h5 10. Bb5 Bb4+ 11. c3 Ba5 12. Bxc6 bxc6 13. b4 Bb6 14. Nxb6 axb6 15.
O-O h4 16. Nxh4 d5 17. e5 d4 18. cxd4 Nd5 19. Qg5 f6 20. exf6 Nxf6 21. Nf5 Ra4
22. Qxg7# 1-0

[Event "Challenge"]
[Site "http://www.queenalice.com/game.php?id=479844"]
[Date "2008.10.19"]
[Round "-"]
[White "lily73"]
[Black "Tlaloc2k"]
[Result "0-1"]
[WhiteElo "1424"]
[BlackElo "1803"]

1. Nc3 f6 2. d3 d6 3. Be3 e5 4. Nd5 c6 5. Nb4 Qa5 6. a3 c5 7. Qd2 cxb4 8. Qxb4
Qxb4+ 9. axb4 d5 10. O-O-O Bxb4 11. f4 Nc6 12. fxe5 fxe5 13. Nf3 a5 14. c3 Bd6
15. c4 d4 16. Bg5 h6 17. Bh4 g5 18. Bg3 Be6 19. h4 g4 20. Nd2 Nf6 21. h5 O-O 22.
Nb3 a4 23. Na1 a3 24. bxa3 Rxa3 25. Nc2 Ra2 26. c5 Bc7 27. Nb4 Nxb4 28. Bh4 Ba5
29. g3 Bb3 30. Rd2 Rxd2 31. Kxd2 Nc2+ 32. Kc1 Nd5 33. e4 Ndb4 34. Kd1 Ne3+ 35.
Ke2 Bd1+ 36. Kd2 Bf3 37. Be7 Nc6+ 38. Kc1 Nxe7 39. Rh2 Nxf1 40. Ra2 Nc6 41. Kc2
Nb4+ 42. Kb2 Nxd3+ 43. Kc2 Nb4+ 44. Kb2 Nxa2 45. Kxa2 Bxe4 46. Ka3 d3 47. Ka4
Ra8 0-1

[Event "archiphile"]
[Site "http://www.queenalice.com/game.php?id=489095"]
[Date "2008.11.6"]
[Round "1"]
[White "GreatDarkSpot"]
[Black "lily73"]
[Result "1-0"]
[WhiteElo "1427"]
[BlackElo "1468"]

1. e4 d6 2. d4 Nc6 3. c3 b5 4. b4 Nf6 5. f3 e5 6. Be3 Be7 7. Bd3 O-O 8. g4 exd4
9. Bxd4 a5 10. Bxb5 Nxd4 11. Qxd4 axb4 12. cxb4 c5 13. bxc5 dxc5 14. Qxd8 Bxd8
15. Bc6 Ra4 16. Bxa4 Ba5+ 17. Nd2 c4 18. Ne2 c3 19. Nc4 Bb4 20. a3 Bc5 21. Nxc3
Ba6 22. Bb5 Bb7 23. a4 Bb4 24. Rc1 h5 25. gxh5 Nxh5 26. O-O Nf4 27. Rfd1 Nh3+
28. Kg2 Nf4+ 29. Kf2 Be7 30. Rd7 Bc5+ 31. Kg3 Nd3 32. Rxd3 Bc8 33. a5 f5 34. a6
f4+ 35. Kg2 Be6 36. Ne5 Ba3 37. Rcd1 Rf6 38. Rd8+ Kh7 39. Bd7 Bb3 40. Bf5+ Kh6
41. Ng4+ 1-0

[Event "cowgirl"]
[Site "http://www.queenalice.com/game.php?id=511559"]
[Date "2008.12.23"]
[Round "4"]
[White "AuntieRenie"]
[Black "lily73"]
[Result "1-0"]
[WhiteElo "1573"]
[BlackElo "1434"]

1. c4 e5 2. Nc3 Nf6 3. Nf3 Bc5 4. e3 O-O 5. g3 e4 6. Ng5 d5 7. cxd5 c6 8. dxc6
Nxc6 9. Ngxe4 Bf5 10. Nxc5 Nb4 11. Nxb7 Qb6 12. Bg2 Nd3+ 13. Ke2 Ng4 14. Rf1
Qxb7 15. Bxb7 Rab8 16. Bf3 Nxh2 17. Rh1 Nxf3 18. Kxf3 g5 19. Ke2 Rbd8 20. Rh5
Bg4+ 21. f3 Bxh5 22. g4 Bg6 23. Nb5 Rd7 24. Qh1 Rc8 25. b3 Rb8 26. Nc3 f5 27.
gxf5 Bxf5 28. Qh5 Nb4 29. Qxg5+ Bg6 30. Ne4 Nc2 31. Rb1 Rb6 32. Nf6+ Kg7 33.
Nxd7 Rb7 34. Bb2+ Kf7 35. Qf6+ Ke8 36. Qc6 Rxd7 37. Qe6+ Kd8 38. Bf6+ Kc7 39.
Be5+ Kc8 40. Bf6 Na3 41. Qc6+ Rc7 42. Qa8+ Kd7 43. Qd8+ Kc6 44. Rc1+ Nc2 45.
Qa8+ Rb7 46. Rxc2+ Kb6 47. Qd8+ Kb5 48. Qd5+ 1-0

[Event "archiphile"]
[Site "http://www.queenalice.com/game.php?id=517345"]
[Date "2009.1.5"]
[Round "2"]
[White "lily73"]
[Black "jw16js"]
[Result "0-1"]
[WhiteElo "1422"]
[BlackElo "1495"]

1. e4 e5 2. Nf3 Bd6 3. Bc4 Nf6 4. Ng5 Rf8 5. Nxf7 Qe7 6. Nxd6+ Qxd6 7. O-O Nxe4
8. Nc3 Nxc3 9. bxc3 Qc6 10. d3 d5 11. Bb3 Qxc3 12. Ba3 Rf5 13. Rb1 Be6 14. Qe1
Qd4 15. h3 c6 16. Bd6 Nd7 17. g4 Rf6 18. a4 Rh6 19. Qe3 Qf4 20. g5 Rh4 21. d4
Qxd4 22. Qg3 Rxh3 23. Qg2 e4 24. Rfd1 Qc3 25. f4 Rg3 26. Rd3 Rxg2+ 27. Kxg2 exd3
28. cxd3 Qxd3 29. Ba2 Qc2+ 30. Kg3 Qd3+ 31. Kf2 Bg4 32. Re1+ Kd8 33. Bb1 Qd2+
34. Kf1 Bh3+ 0-1

[Event "Kraj´s Challenge"]
[Site "http://www.queenalice.com/game.php?id=522838"]
[Date "2009.1.15"]
[Round "-"]
[White "lily73"]
[Black "Krajnicov"]
[Result "0-1"]
[WhiteElo "1450"]
[BlackElo "1455"]

1. Nf3 e6 2. Nc3 Qf6 3. e4 Bc5 4. d4 Bb6 5. e5 Qf5 6. Bd3 Qg4 7. O-O c6 8. Ne4
h5 9. Nd6+ Kd8 10. Nxc8 Kxc8 11. Bg5 f6 12. exf6 gxf6 13. Bh4 Nh6 14. Bxf6 Rg8
15. Bg5 Nf7 16. Bh4 Qxg2# 0-1

[Event "Challenge"]
[Site "http://www.queenalice.com/game.php?id=524570"]
[Date "2009.1.17"]
[Round "-"]
[White "lily73"]
[Black "rubensar"]
[Result "0-1"]
[WhiteElo "1430"]
[BlackElo "1814"]

1. d4 Nf6 2. Nc3 e6 3. Bf4 Be7 4. Qd2 O-O 5. O-O-O a6 6. Nf3 d5 7. Ne5 Bb4 8.
Qe3 Nbd7 9. f3 c5 10. dxc5 Bxc5 11. Qd3 Nxe5 12. Bxe5 Bd6 13. Bxd6 Re8 14. Bg3
b5 15. e4 Bb7 16. a4 b4 17. e5 bxc3 18. exf6 Qxf6 19. bxc3 Rac8 20. Bd6 Rxc3 21.
Qe2 Rec8 22. Rd3 R3c4 23. a5 Qa1+ 24. Kd2 Rxc2+ 25. Ke3 Rxe2+ 26. Kxe2 Rc2+ 27.
Ke3 Qe1+ 28. Kf4 Rc4+ 29. Kg5 Qh4# 0-1

[Event "Challenge"]
[Site "http://www.queenalice.com/game.php?id=554690"]
[Date "2009.3.12"]
[Round "-"]
[White "Laurea"]
[Black "lily73"]
[Result "1-0"]
[WhiteElo "1429"]
[BlackElo "1428"]

1. e4 Nf6 2. Nc3 e5 3. Nf3 Bc5 4. Nxe5 d6 5. Nd3 Ng4 6. Nxc5 dxc5 7. h3 Qh4 8.
g3 Qh5 9. Bc4 Be6 10. Bxe6 fxe6 11. d3 Nc6 12. Qf3 Nce5 13. Qe2 O-O-O 14. Bf4
Nc6 15. O-O-O Nd4 16. hxg4 Nxe2+ 17. Nxe2 Qxg4 18. Nc3 Qf3 19. Bg5 Rd4 20. Nb5
Ra4 21. a3 Qxf2 22. Rhf1 1-0

[Event "Slorche"]
[Site "http://www.queenalice.com/game.php?id=570836"]
[Date "2009.4.12"]
[Round "-"]
[White "lily73"]
[Black "Slorche"]
[Result "1-0"]
[WhiteElo "1390"]
[BlackElo "1540"]

1. d3 d5 2. Nc3 d4 3. Nb5 e5 4. f4 exf4 5. Bxf4 Na6 6. Nxd4 Qxd4 7. Nf3 Qxf4 8.
Qd2 Qxd2+ 9. Nxd2 Be7 10. O-O-O Bd7 11. Nf3 O-O-O 12. Ne5 Be6 13. e4 f6 14. Nf3
Nc5 15. c3 Bxa2 16. b4 Nd7 17. d4 Bb3 18. Rd2 Kb8 19. Rb2 Bf7 20. d5 Bd6 21. Nd4
Ne7 22. c4 Be5 23. d6 cxd6 24. Rd2 Bf4 25. Nf3 Bxd2+ 26. Nxd2 Ne5 27. h4 N7c6
28. b5 Na5 29. b6 a6 30. h5 Naxc4 31. Nxc4 Bxc4 32. h6 1-0

[Event "Kraj´s Challenge"]
[Site "http://www.queenalice.com/game.php?id=587939"]
[Date "2009.5.14"]
[Round "-"]
[White "lily73"]
[Black "Krajnicov"]
[Result "0-1"]
[WhiteElo "1412"]
[BlackElo "1503"]

1. e4 e5 2. Nf3 Qf6 3. Bc4 Bc5 4. d3 h6 5. Nc3 c6 6. Na4 Bb4+ 7. Nc3 Qg6 8. Nxe5
Qf6 9. Ng4 Qd4 10. O-O Qd6 11. e5 Qg6 12. f3 h5 13. Ne3 d6 14. Ne4 Bd7 15. Nxd6+
Ke7 16. Nxf7 Bc5 17. Nxh8 Qe8 18. f4 Nh6 19. d4 Bb6 20. d5 Qxh8 21. dxc6 bxc6
22. Bd2 Ng4 23. Bb4+ Kd8 24. Qe2 Bxe3+ 25. Kh1 Qh6 26. h3 c5 27. Ba5+ Ke7 28.
hxg4 hxg4# 0-1

[Event "Challenge"]
[Site "http://www.queenalice.com/game.php?id=627175"]
[Date "2009.7.30"]
[Round "-"]
[White "audrey1552"]
[Black "lily73"]
[Result "1-0"]
[WhiteElo "1763"]
[BlackElo "1392"]

1. d4 b6 2. Bf4 Ba6 3. Nf3 Nf6 4. c3 Ne4 5. g3 e5 6. dxe5 Bc5 7. Be3 O-O 8. Qd5
Nc6 9. Qxe4 d5 10. Qa4 Qd7 11. Qxa6 Bxe3 12. fxe3 Nb8 13. Qd3 Re8 14. Bg2 Nc6
15. O-O a5 16. Nbd2 a4 17. a3 Ra5 18. b4 Ra7 19. Ng5 Nxe5 20. Qxh7+ Kf8 21. Qh8+
Ke7 22. Qxg7 Ng4 23. Qxf7+ Kd8 24. Qxd7+ Kxd7 25. Bh3 Rxe3 26. Bxg4+ Kd6 27. Rf3
Rxe2 28. Rf6+ Ke7 29. Bxe2 Kxf6 30. Ndf3 c5 31. h4 d4 32. cxd4 cxb4 33. axb4 a3
34. Bc4 a2 35. Rxa2 1-0